000 00678nam a2200193Ia 4500
008 151119s9999||||xx |||||||||||||| ||und||
082 _a923.254अनंत/कथाही
082 _bGKKV8031
100 _aवाळिंबे वि स
245 _aकथा हि दिवावादळाची
260 _aपुणे
260 _bमेहता पब्लीशिग हाउस
260 _c1993
600 _aवाळिंबे वि स
630 _aकथा हि दिवावादळाची
700 _aवाळिंबे वि स
730 _aकथा हि दिवावादळाची
942 _cBOOK
999 _c1062580
_d1062577